00678nam a2200193Ia 4500008004100000020001500041050001200056050001900068245005100087245002500138260002300163260000900186300001600195300002400211300001200235650009800247999001900345952012000364160319s9999 xx 000 0 und d a9622582273 a959.921 bK19 1998 vol.4 aKasaysayan : the story of the Filipino people. bLife in the colony / bAsia Pub. Co. Ltd. c1998 a303 pages : bill. (some col.) ;  c29 cm.  aPhilippines -- History.Philippines -- History -- Chronology.Philippines -- Social conditions. c292276d292276 001040aSSISBbSSISBcFILd2016-03-19l0oFil 959.921 K19 1998 vol.4pUS 0940r2016-03-19 00:00:00w2016-03-19yBK